Willis's practice and procedure for the quantity surveyor (Record no. 107173)

MARC details
000 -LEADER
fixed length control field 00484cam a2200193 4500
001 - CONTROL NUMBER
control field E138452
008 - FIXED-LENGTH DATA ELEMENTS--GENERAL INFORMATION
fixed length control field 010921n2007 000 0 eng u
020 ## - INTERNATIONAL STANDARD BOOK NUMBER
International Standard Book Number 9781405145787
035 ## - SYSTEM CONTROL NUMBER
System control number (Sirsi) u138452
041 0# - LANGUAGE CODE
Language code of text/sound track or separate title eng
100 ## - MAIN ENTRY--PERSONAL NAME
Personal name Ashworth, A.
245 ## - TITLE STATEMENT
Title Willis's practice and procedure for the quantity surveyor
250 ## - EDITION STATEMENT
Edition statement 12th ed.
260 ## - PUBLICATION, DISTRIBUTION, ETC.
Place of publication, distribution, etc. Oxford
Name of publisher, distributor, etc. Blackwell Science
Date of publication, distribution, etc. 2007
350 ## - PRICE (NR) (BK AM CF MU VM SE) [OBSOLETE]
Price 34.99
651 #4 - SUBJECT ADDED ENTRY--GEOGRAPHIC NAME
Geographic name UNITED KINGDOM
700 ## - ADDED ENTRY--PERSONAL NAME
Personal name Hogg, K.
942 ## - ADDED ENTRY ELEMENTS (KOHA)
Suppress in OPAC 0
Holdings
Withdrawn status Lost status Source of classification or shelving scheme Damaged status Not for loan Home library Current library Shelving location Date acquired Cost, normal purchase price Total Checkouts Full call number Barcode Date last seen Date last checked out Copy number Cost, replacement price Price effective from Koha item type
    Dewey Decimal Classification     London London Basement 12/07/2007 34.99 29 BASEMENT 61 30074014 06/08/2019 12/03/2010 1 34.99 06/08/2019 Book